| 000 | 00604nam a2200229Ia 4500 | ||
|---|---|---|---|
| 003 | OSt | ||
| 005 | 20221006164016.0 | ||
| 006 | a|||||r|||| 00| 0 | ||
| 007 | ta | ||
| 008 | 221006b |||||||| |||| 00| 0 eng d | ||
| 024 | _a1,549 | ||
| 037 | _cTextual | ||
| 040 |
_aFML _cFML _beng |
||
| 041 |
_2eng _aeng |
||
| 082 | _aND44, L2 | ||
| 100 |
_aMathur N L Au. _9676419 |
||
| 245 | 0 | _aSculpture In India | |
| 260 |
_aDelhi _bMinistry of Education and Social Welfare and Culture _c1972 |
||
| 300 |
_a84 _ccm. |
||
| 942 |
_hND44, L2 _cTEXL _2CC |
||
| 999 |
_c1115967 _d1115967 |
||